Communes du Finistère (29) de plus de 10000 habitants - Statistiques

Statistiques générales
  • Ce quiz a été pris 147 fois
  • Le résultat moyen est 9 sur 12
Statistiques - réponses
Habitants Commune % Correct
140993 Brest
100%
64530 (préfecture) Quimper
100%
15220 Morlaix
91%
20632 Concarneau
89%
16327 Landerneau
89%
14188 Douarnenez
76%
15401 Guipavas
76%
12444 Quimperlé
74%
10204 Fouesnant
46%
13437 Plouzané
43%
13431 Plougastel-Daoulas
38%
11837 Le Relecq-Kerhuon
32%
Aucun quiz correspondant
Distribution des résultats
% des personnes avec chaque résultat
Percentile par nombre de réponses
Votre historique - résultats
Vous n’avez pas pris ce quiz